000 00404nam a22001217a 4500
003 SGT
082 _a891.4309
_bK14G
100 _aगुप्त, श्याम
245 _aक्रांति राम की : सन्दर्भ एकल अभियान
260 _bश्री शंकर सेवा समिति प्रकाशन
_c2014
300 _a508
942 _2ddc
_cBK
999 _c31288
_d31288